Polacy o zagranicznym pochodzeniu - Statystyki

Ogólne statystyki
  • Ten quiz został rozwiązany 119 razy
  • Średni wynik to 13 z 20
Statystyki odpowiedzi
Osoba: Profesja: Kraj: % Poprawnych
Jan Matejko malarz Czechy
94%
Jarosław Marek Rymkiewicz pisarz Niemcy
91%
Dariusz Rosati polityk Włochy
91%
Maja Hirsch aktorka Rosja
90%
Czesław Mozil piosenkarz Ukraina
85%
Laco Adamík reżyser Słowacja
84%
Olga Boznańska malarka Francja
83%
Katarzyna Bonda pisarka Białoruś
81%
Edyta Geppert piosenkarka Węgry
77%
Rudolf Weigl biolog Austria
74%
Eleni Tzoka piosenkarka Grecja
74%
Eugeniusz Bodo aktor Szwajcaria
64%
Hubert Urbański prezenter Bułgaria
57%
Alvin Gajadhur urzędnik ITD Indie
49%
Agustin Egurrola choreograf Kuba
49%
Włodzimierz Szaranowicz prezenter Czarnogóra
46%
Julian Tuwim pisarz Izrael
45%
Stanisław Maczek wojskowy Chorwacja
38%
Sonia Bohosiewicz aktorka Armenia
28%
Patricia Kazadi aktorka Demokratyczna Republika Konga
20%
Nie znaleziono quizów pasujących do podanych kryteriów
Rozkład punktacji
Procent ludzi z każdym wynikiem
Percentyl według liczby udzielonych odpowiedzi
Twoja historia wyników
Nie rozwiązałeś tego quizu